000 00476nam a2200181Ia 4500
008 090123s9999 xx 000 0 und d
082 _b3712
100 _aकल्याणी
245 _aबालिन दिविगे
250 _a1
260 _c1974
300 _a236
600 _aकल्याणी
630 _aबालिन दिविगे
700 _aकल्याणी
730 _aबालिन दिविगे
942 _cBOOK
999 _c41791
_d41791